000 00313nam a22001457a 4500
008 221014b ||||| |||| 00| 0 eng d
020 _a9780538444453
041 _aeng
080 _a721
082 _a721
100 _a20.2
101 _ander
245 _aethics in the workplace
_cgore k
942 _2udc
_cBK
999 _c58580
_d58580